Family Guy trivia (Very hard) - Statistics

General Stats
  • This quiz has been taken 7 times
    6 since last reset
  • The average score is 10 of 19
Answer Stats
Hint Answer % Correct
How many characters died in the episode 'And then there were fewer'? 6
80%
What is Chris's middle name? Cross
80%
Where is Meg's heart? Head
80%
What is Meg's full name? Megatron Griffin
80%
Misery
80%
What are Brian's parents called? Biscuit
60%
Who donates a kidney to Peter? Dr. Hartman
60%
What is the giant chicken's first name? Ernie
60%
What is the name of Brian's novel? Faster than the speed of love
60%
What three books by Stephen King were featured in a episode? Shawshank Redemption
60%
The Body
60%
Which two characters did Quagmire marry? Joan
40%
What was the name of the porn film Lois starred in? Quest for fur
40%
Charmise
20%
Coco
20%
What was the name of the Nazi who kidnapped Peter and Chris? Franz Gutentag.
20%
What phrase activates Adam West as a Russian sleeper agent? Gosh that Italian family at the next table sure is quiet
20%
Who founded Quahog? Griffin Peterson
20%
How did Seamus become half wood? James Woods cut him during an acid trip
20%
No matching quizzes found
Score Distribution
Percent of People with Each Score
Percentile by Number Answered
Your Score History
You have not taken this quiz since the last reset